Statystyki dla Państwa, z ratingiem kredytowym AAA

Kliknij tutaj aby rozwiązać quiz!

Ogólne statystyki

  • Ten quiz został rozwiązany 2 341 razy
  • Średni wynik to 8 z 10

Statystyki odpowiedzi

Państwo% Poprawnych
Niemcy
88%
Szwajcaria
88%
Norwegia
86%
Szwecja
86%
Kanada
81%
Dania
78%
Holandia
76%
Luksemburg
75%
Australia
71%
Singapur
58%

Rozkład punktacji

Percentyl według liczby udzielonych odpowiedzi

Procent ludzi z każdym wynikiem

Twoja historia wyników

Nie rozwiązałeś tego quizu